000
00340 a2200157 4500
001
191336
020
_a
85-86866-11-3
040
_c
Magnum
100
_a
Rocha, Gladys
240
1
0
_a
Uma viagem inesquecível
_l
por
245
1
0
_a
Uma viagem inesquecível
300
_a
20
362
0
_a
1999
697
_a
LITERATURA INFANTO
942
_c
BK
999
_c
191336
_d
191336